Vista normal Vista MARC

Entrada Personal Name

Número de registros utilizados en: 3

001 - CONTROL NUMBER

  • control field: 4099

003 - CONTROL NUMBER IDENTIFIER

  • control field: OSt

005 - DATE AND TIME OF LATEST TRANSACTION

  • control field: 20200507124323.0

008 - FIXED-LENGTH DATA ELEMENTS

  • fixed length control field: 200507|| aca||aabn | a|a d

040 ## - CATALOGING SOURCE

  • Original cataloging agency: OSt
  • Transcribing agency: OSt

100 ## - HEADING--PERSONAL NAME

  • Personal name: Lievano Aguirre, Indalecio,

670 ## - SOURCE DATA FOUND

  • Source citation: Work cat.: (OSt)5228: Lievano Aguirre, Indalecio, autor, Bolivarismo y monroísmo / , 1978